000 00659cam a22002053a 4500
001 40671
003 PGUSA
005 20140828083916.0
008 120905s2012||||xxu|||||s|||||000 | eng d
040 _aPGUSA
_beng
042 _adc
100 1 _aHenry, Henry A.
245 1 0 _aSynopsis of Jewish History :
_bFrom the Return of the Jews from the Babylonish Captivity, to the Days of Herod the Great
_h[electronic resource] /
_cHenry A. Henry
260 _bProject Gutenberg,
_c2012
506 _aPublic domain in the USA.
516 _aElectronic text
830 0 _aProject Gutenberg
_v40671
856 4 0 _uhttp://www.gutenberg.org/ebooks/40671
942 _cEB
999 _c269924
_d269924